000 00635nam a2200205Ia 4500
003 GCL
008 140319s9999 xx 000 0 ara d
040 _aGCL /
_cGCL
082 0 4 _a219.1
_bع م
100 1 _aعبدالعزيز بن باز
245 1 0 _aمجموعة الفتاوى والرسائل النسائية /
_cعبدالعزيز بن باز
260 _a[S.N] :
_bمكتبة التراث الاسلامى ،
_c1989
300 _a145 ص
490 _a
650 0 4 _aالشعر العربى
650 0 4 _aالعصر الحديث
650 0 4 _aمصر
650 0 4 _aالشريعة الاسلامية
942 _2ddc
_cBK
999 _c30389
_d30389